000 00666nam a2200229Ia 4500
003 OSt
005 20220925220636.0
006 a|||||r|||| 00| 0
007 ta
008 220923b |||||||| |||| 00| 0 eng d
037 _cGeneral Book
040 _aRTL
_cRTL
_beng
041 _2eng
_aeng
082 _aX:3M24xM18:g(Q).50k2.N7, MO
100 _aLing Trevor
245 0 _aKarl Marx andreligion in Europe and India
260 _aLondon
_bMacmillan
_c1980
300 _aix, 168p
_ccm.
650 _aEconomics classics Karl Marx
942 _hX:3M24xM18:g(Q).50k2.N7, MO
_cGB
_2CC
999 _c571989
_d571989